El poder de los derechos humanos /
En el presente artículo se parte de que el discurso de los derechos humanos se utiliza como una nueva forma de ejercer el poder, pues según la autora el discurso detrás de los derechos humanos es una forma sutil de dominación y de poder, al ser, condicionamiento de la conducta por parte de los Estad...
Sábháilte in:
| Príomhchruthaitheoir: | |
|---|---|
| Formáid: | Téacs |
| Ábhair: | |
| Clibeanna: |
Cuir clib leis
Níl clibeanna ann, Bí ar an gcéad duine le clib a chur leis an taifead seo!
|
MARC
| LEADER | 00000 a a2200000 04500 | ||
|---|---|---|---|
| 001 | 42201 | ||
| 003 | |||
| 040 | |||
| 100 | |a Querejazu Escobar, Amaya | ||
| 245 | |a El poder de los derechos humanos / |c Amaya Querejazu Escobar | ||
| 520 | |a En el presente artículo se parte de que el discurso de los derechos humanos se utiliza como una nueva forma de ejercer el poder, pues según la autora el discurso detrás de los derechos humanos es una forma sutil de dominación y de poder, al ser, condicionamiento de la conducta por parte de los Estados y al proponerse una universalización de los derechos, que viene a limitar la soberanía de los Estados. | ||
| 590 | |a SJB/NOVIEMBRE2011 | ||
| 650 | |a REPRESION | ||
| 650 | |a PODER | ||
| 650 | |a ESTADO | ||
| 650 | |a DERECHOS HUMANOS | ||
| 650 | |a DERECHO INTERNACIONAL | ||
| 650 | |a TEORIA CRITICA | ||
| 773 | |g volumen19, número9 (2009), páginas 67-78 | ||
| 999 | |c 21307 |d 21307 | ||
